000 00456nam a2200193 a 4500
001 1756881508394
003 ACL
005 20250903121729.0
008 250903s2008##################000#0#eng##
020 _a9780714847771
082 0 4 _a780.92
_bOLI
100 1 _aOliver, Michael,
_eauthor.
245 1 0 _aIgor Stravinsky :
260 _bPhaidon Press,
_c2008.
300 _a240 pages
650 0 _aMusic.
942 _cENGLISH
040 _aACL
_beng
_cACL
999 _c585171
_d585171